LEADER 01506nam a2200289 i 4500 001 000000180026 003 CaOOAMICUS 005 20090618000000.0 008 090618s2003 gw u000 u ger u 013 $a157665 020 $a3-429-02573-7 040 $aSeMil$bita 100 1 $aPanhofer, Johannes.$0(OLS)http://semarc/name/66714 245 10$aHören, was der Geist den Gemeinden sagt :$bGemeindeleitung durch Nichtpriester als Anstoß zur Gemeindeentwicklung : eine empirisch-theologische Studie zu can. 517 § 2 /$cJohannes Panhofer. 260 $aWürzburg :$bEchter,$c2003. 300 $a325 p. ;$c24 cm. 490 0 $aStudien zur Theologie und Praxis der Seelsorge ;$v58 650 4$aSacerdozio.$0(OLS)http://semarc/subject/255 650 4$aChiesa cattolica - Mancanza di preti.$0(OLS)http://semarc/subject/18388 650 4$aVocazione religiosa.$0(OLS)http://semarc/subject/47 830 0$aStudien zur Theologie und Praxis der Seelsorge ;$v58.$0(OLS)http://semarc/title/28484 850 $aSeMil 852 $aSeMil$W1$xVenegono$y1$m2B IV 53$j130778$B130778$CSeMilBibl$Z2$F142593 $81 961 $aOmaggio: Bressan don Luca 996 $6020$a3-429-02573-7$9(OLS)http://semarc/number/169311 996 $6245$aHören, was der Geist den Gemeinden sagt :$bGemeindeleitung durch Nichtpriester als Anstoß zur Gemeindeentwicklung : eine empirisch-theologische Studie zu can. 517 § 2$9(OLS)http://semarc/title/258512 996 $6260$aWürzburg :$bEchter$9(OLS)http://semarc/publisher/29704 LEADER 01350nam a2200229 i 4500 001 000000050769 003 CaOOAMICUS 005 20121211000000.0 008 121211s1869 it u000 u ita u 013 $a21940 040 $aSeMil$bita 100 1 $aDescuret, Jean-Baptiste-Félix,$d<1795-1871>.$0(OLS)http://semarc/name/12646 245 13$aLa teoria morale del gusto, ossia il gusto considerato nei suoi rapporti colla natura, colle belle arti, colle belle lettere e coi buoni costumi. Milano :$bPresso Ernesto Oliva librajo editore, 1869. /$cdi G.B.F. Descuret ; traduzione con note ed appendici del dottore Cesare Vittori Garimberti. 260 $aMilano :$bErnesto Oliva,$c1869. 300 $aVIII, 370 p. ;$c19 cm. 650 4$aMorale.$0(OLS)http://semarc/subject/2260 650 4$aGusto - Estetica.$0(OLS)http://semarc/subject/10503 700 1 $aVittori Garimberti, Cesare.$0(OLS)http://semarc/name/25130 850 $aSeMil 852 $aSeMil$W1$xVenegono$y1$m2D I 44 FA$j16924$B16924$CSeMilBibl$Z2$F16924 $8I 996 $6245$aLa teoria morale del gusto, ossia il gusto considerato nei suoi rapporti colla natura, colle belle arti, colle belle lettere e coi buoni costumi. Milano :$bPresso Ernesto Oliva librajo editore, 1869.$9(OLS)http://semarc/title/77551 996 $6260$aMilano :$bErnesto Oliva$9(OLS)http://semarc/publisher/31294